000 00714nam a2200241Ia 4500
003 OSt
005 20220924131006.0
006 a|||||r|||| 00| 0
007 ta
008 220923b |||||||| |||| 00| 0 san d
024 _a73896
037 _cTextual
040 _aARTS
_cARTS
_bsan
041 _2san
_asan
082 _aR631x3:1, 15K5
100 _aVijnana Bhiksu comm
_9201084
245 0 _aSankhya sutram, satikatatvasamasasutra sankhyasara-sametam, ed Ramashankar Bhattacarya
260 _aVaranasi
_bBhartiya Vidya Prak
_c1965
300 _a4,373p.
_ccm.
650 _aYOGA
_92333
942 _hR631x3:1, 15K5
_cTEXL
_2CC
999 _c425917
_d425917